000 00357 a2200157 4500
001 71059
020 _a9788581683638
040 _cAnchieta - Itaigara
100 _aSilva, Zeneide
240 1 0 _aThe ant and the snow
_leng
245 1 0 _aThe ant and the snow
300 _a16p.
362 0 _a2015
650 4 _aLiteratura infantil em inglês
942 _cBK
999 _c71059
_d71059